000 00789nam a2200229 i 4500
001 bg
245 0 0 _aMały polsko-angielski i angielsko-polski słownik przeróbki surowców mineralnych /
_c[pod red. Antoniego Siwca ; red. haseł Władysław Pilch et al.].
250 _a[Wyd. 1
_anakł. 2].
260 _aKraków :
_bAkademia Górniczo-Hutnicza im. S. Staszica. Wydaw.,
_c1991.
300 _a119 s. ;
_c24 cm.
650 9 _aMinerały
_xtechnologia
650 9 _aSłownik angielsko-polski
650 9 _aSłownik polsko-angielski
655 _aSłowniki
700 1 _aSIWIEC, Antoni.
_eRed.
700 1 _aPILCH, Władysław.
_eRed.
040 _cBPK
041 0 _aplen
080 _a621.926/.929:622.7](038)=111=162.1
942 _cKS
008 s pl f |000 0 pol
999 _c32206
_d32206
856 _uhttp://koha.tu.koszalin.pl/cgi-bin/koha/opac-detail.pl?biblionumber=32206
_yKatalog online BPK